| 000 | 01124nam a2200217Ia 4500 | ||
|---|---|---|---|
| 003 | Ost | ||
| 005 | 20260507075114.0 | ||
| 008 | 260507s9999||||xx |||||||||||||| ||und|| | ||
| 040 | _cfsecg | ||
| 041 | _aara | ||
| 082 | _a330 | ||
| 100 |
_aأبو طاحون، عدلي علي _eمؤلف |
||
| 245 | 0 |
_aإدارة وتنمية الموارد البشرية والطبيعية / _c عدلي علي أبو طاحون |
|
| 260 |
_aالاسكندرية: _bالمكتب الجامعي الحديث, _c2000 |
||
| 300 |
_a246 صفحة؛ _bإيضاحات ؛ _c24 سم |
||
| 504 | _aببليوغرافيا:ص.221-244 | ||
| 520 | _aالمفاهيم والمداخل النظرية لدراسة علاقة الانسان بالبيئة،الموارد البشرية الريفية،الموارد الطبيعية البيئية الريفية،المداخل المختلفة لحماية الموارد البيئية،عرض مجمع لأهم الدراسات السابقة لعلاقة الانسان بالبيئة | ||
| 653 | _aإدارة الأفراد | ||
| 653 | _aالموارد الطبيعية | ||
| 942 | _cكتاب | ||
| 999 |
_c42965 _d42965 |
||